Un largo viaje hacia la sombra (segunda parte). Sección latinoamericana

Salvato in:
Dettagli Bibliografici
Natura: testo
Tags: Aggiungi Tag
Nessun Tag, puoi essere il primo ad aggiungerne!!

MARC

LEADER 00000 a a2200000 04500
001 3264
003
040
245 |a Un largo viaje hacia la sombra (segunda parte). Sección latinoamericana  
773 |g volumen 32, número 6; páginas 621-630  
999 |c 22736  |d 22736